Great Plains States of the U.S. - Statistics

General Stats
  • This quiz has been taken 27 times
  • The average score is 10 of 10
Answers on the Map
Answers color-coded by a green-red scale on the quiz's map according to % correct below.
 
Answer Stats
Answer % Correct
Colorado
100%
Montana
100%
Nebraska
100%
North Dakota
100%
South Dakota
100%
Texas
100%
Kansas
96%
Oklahoma
96%
Wyoming
96%
New Mexico
92%
No matching quizzes found
Score Distribution
Percent of People with Each Score
Percentile by Number Answered
Your Score History
You have not taken this quiz